| 000 | 00564nam a2200181 a 4500 | ||
|---|---|---|---|
| 005 | 20140310183442.0 | ||
| 008 | 080704s19uu xx 00 eng d | ||
| 050 |
_aRA 969 _b.N897 1993 |
||
| 245 |
_aNosocomial infections : _bprevention, diagnosis and treatment, hospital waste management. / |
||
| 260 |
_aPhilippines : _bDeaprtment of Health, _c1993. |
||
| 300 |
_a95 p. : _c26 cm. |
||
| 521 | _aNUR | ||
| 650 | _aNosocomial infections. | ||
| 650 | _aSurgical wound infection. | ||
| 650 |
_aSurgery _xComplications. |
||
| 942 |
_cBK _2lcc _kLOC |
||
| 999 |
_c23149 _d23149 |
||